| 000 | 00641nam a2200205Ia 4500 | ||
|---|---|---|---|
| 003 | GCL | ||
| 008 | 140319s9999 xx 000 0 ara d | ||
| 040 |
_aGCL / _cGCL |
||
| 082 | 0 | 4 |
_a320.54 _bف ن |
| 100 | 1 | _aفؤاد مرسى | |
| 245 | 1 | 0 |
_aنظرة ثانيةالى القومية العربية / _cفؤاد مرسى |
| 260 |
_a[S.N] : _bحزب التجمع الوطنى التقدمى ، _c1989 |
||
| 300 | _a118 ص | ||
| 490 | _a | ||
| 650 | 0 | 4 | _aالعالم العربى |
| 650 | 0 | 4 | _aتاريخ |
| 650 | 0 | 4 | _aالقومية العربية |
| 650 | 0 | 4 | _aالاستعمار فى البلاد العربية |
| 942 |
_2ddc _cBK |
||
| 999 |
_c31008 _d31008 |
||